Lịch sử Việt Nam Tập 1

Saved in:
Bibliographic Details
Corporate Author: Ủy ban khoa học xã hội Việt Nam
Format: Book
Published: Hà Nội Khoa học xã hội 1971
Subjects:
Tags: Add Tag
No Tags, Be the first to tag this record!
Institutions: Trung tâm Học liệu Lê Vũ Hùng, Trường Đại học Đồng Tháp
LEADER 00711pam a22002298a 4500
001 00038759
005 20171026081025.0
008 170516s1971 ||||||Viesd
041 0 # |a Vie 
082 1 4 |a 959.7  |b L302S 
110 1 # |a Ủy ban khoa học xã hội Việt Nam 
245 1 0 |a Lịch sử Việt Nam  |n Tập 1 
260 # # |a Hà Nội  |b Khoa học xã hội  |c 1971 
300 # # |a 438 tr.  |c 26 cm 
653 # # |a Lịch sử 
653 # # |a Việt Nam 
852 # # |b Kho mượn  |j KM.0022473 
852 # # |b Kho đọc  |j KD.0021578 
852 # # |j KM.0022473  |j KD.0021578 
910 |d 16/05/2017 
980 # # |a Trung tâm Học liệu Lê Vũ Hùng, Trường Đại học Đồng Tháp